000 00621nam a2200229 4500
005 20150311152706.0
006 000
007 000
008 000
020 _a0804802270
040 _aUOEL
050 _aQK473
_b.H4
100 _aKuck, Loraine E.
245 _aHawaiian flowers & flowering trees :
_ba guide to tropical & semitropical flora /
_cLoraine E. Kuck, Richard C. Tongg
260 _aRutland :
_bCharles E. Tuttle Company,
_cc1960.
300 _ax, 158 p. :
_bill.
500 _aIncludes index
650 _aHawaiian
_xFlowers
650 _aFlowering trees
700 _aTongg, Richard C.
942 _2lcc
_cLL
999 _c2790
_d2790